000 00668nam a22001817a 4500
005 20240313125230.0
010 _aENG-139445
020 _c4750.00
_a9789354422874
035 _aEN-122977
037 _bDBAD/PUB
082 _a400
245 _aPeople's Linguistic Survey Of India /
_bThe Languages Of Gujarat Diu & Daman And Dadra & Nagar Haveli
_cEdited by Kanji Patel And G.N. Devy
_hEnglish
260 _aHimayatnagar , Hyderabad
_bOrient Blackswan Private Limited
_c2022
270 _bTelangana
_a3-6-752 , Himayatnagar
_e500029
300 _a498p;
_c25cm(hb)
710 _aRoma Chatterjee
_eEditor
_959600
942 _2ddc
_cEN
_h400
_mPeo
_e2022
999 _c201043
_d201043